000 00283nam a2200133Ia 4500
008 221030s9999 xx 000 0 und d
041 _aEnglish
082 _a105.23
_bBE
100 _aBlack Book
245 0 _a. NET Programming
_bCD
260 _c2009
650 _aBook
942 _cCD
999 _c6241
_d6241